000 00487 a2200169 4500
020 _a1933019247
040 _aDLC
_bDLC
082 _a004.6
100 _aYeung, Raymond.
245 _aNetwork coding theory
_cRaymond Yeung, S.-Y.R. Li and Z. Zhang
260 _aBoston :
_bNow Publishers,
_cc2006.
300 _avi, 147 p.
_bill.;
_c22 cm.
500 _aIncludes bibliographical references.
650 _aNetworking.
700 _aLi, S.-Y.R. , Zhang, Z.
942 _cBK
_k004.6 YEU
_2ddc
999 _c6019
_d6019